Catalog

Record Details

Catalog Search



Horrible bear!  Cover Image Book Book

Horrible bear! / written by Ame Dyckman ; illustrated by Zachariah OHora.

Dyckman, Ame, (author.). OHora, Zachariah, (illustrator.).

Summary:

When Bear breaks a little girl's kite, she thinks he is a "HORRIBLE BEAR!"--Until she makes a mistake of her own and learns the power of saying "I'm sorry."

Record details

  • ISBN: 9780316282833
  • ISBN: 0316282839
  • Physical Description: 1 volume (unpaged) : color illustrations ; 27 cm.
  • Edition: First edition.
  • Publisher: New York : Little, Brown and Company, ©2016.
Subject: Bears > Juvenile fiction.
Apologizing > Juvenile fiction.
Friendship > Fiction.
Picture books for children.

Available copies

  • 1 of 1 copy available at scottsboropl.

Holds

  • 0 current holds with 1 total copy.
Show Only Available Copies
Location Call Number / Copy Notes Barcode Shelving Location Status Due Date
scottsboropl E Dyc 32269000993017 Juvenile - Easy Available -

LDR 01406cam a2200373 a 4500
001141906
003CONS
00520170406141823.0
008150707t20162016nyua a 000 1 eng
010 . ‡a 2015015518
020 . ‡a9780316282833 ‡q(hardback)
020 . ‡a0316282839 ‡q(hardback)
035 . ‡a(CPomAG)LMN596044
042 . ‡alcac ‡apcc
05000. ‡aPZ7.D9715 ‡bHo 2016
08204. ‡a813/.6 ‡a[E] ‡223
1001 . ‡aDyckman, Ame, ‡eauthor.
24510. ‡aHorrible bear! / ‡cwritten by Ame Dyckman ; illustrated by Zachariah OHora.
250 . ‡aFirst edition.
264 1. ‡aNew York : ‡bLittle, Brown and Company, ‡c©2016.
300 . ‡a1 volume (unpaged) : ‡bcolor illustrations ; ‡c27 cm.
336 . ‡atext ‡btxt ‡2rdacontent
336 . ‡astill image ‡bsti ‡2rdacontent
337 . ‡aunmediated ‡bn ‡2rdamedia
338 . ‡avolume ‡bnc ‡2rdacarrier
520 . ‡aWhen Bear breaks a little girl's kite, she thinks he is a "HORRIBLE BEAR!"--Until she makes a mistake of her own and learns the power of saying "I'm sorry."
650 0. ‡aBears ‡vJuvenile fiction.
650 0. ‡aApologizing ‡vJuvenile fiction.
650 1. ‡aFriendship ‡vFiction.
650 0. ‡aPicture books for children.
7001 . ‡aOHora, Zachariah, ‡eillustrator.
914 . ‡aSCP_jd ‡dNAC_as
959 . ‡i32269000993017 ‡lE Dyc ‡aJuvenile - Easy ‡tEasy ‡g17.00
852 . ‡p32269000993017 ‡jE Dyc ‡gJuvenile - Easy ‡cEasy ‡y17.00 ‡bSBPL
901 . ‡a141906 ‡bUnknown ‡c141906 ‡tbiblio

Additional Resources